00322nam a2200121Ia 4500008004100000020001800041041000800059082001200067100002500079245003800104260004000142650001800182260624s2024 xx 000 0 und d a9789356962781 aeng a616.028 aA Prabhakar kulkarni aTextbook of Mechnical Ventilation bJaypee Brothers Med. Pub.2024c2024 aCritical care